Ultimate Ringo Starr Quiz - Statistics

General Stats
  • This quiz has been taken 156 times
  • The average score is 12 of 25
Answer Stats
Question Answer % Correct
What year was he born? 1940
98%
What year did he join The Beatles? 1962
98%
What was the first song he sung with the group? Boys
73%
What was the second? Octopus's Garden
73%
What year did Ringo and his first wife Maureen divorce? 1975
70%
What was the first song Ringo solely wrote for the group? Don't Pass Me By
69%
What George Harrison hit song did Ringo drum on in 1970? My Sweet Lord
66%
Who did Ringo marry in 1980? Barbara Bach
64%
Ringo's first son? Zak
61%
When did Ringo begin touring with the All-Starr Band? 1989
59%
How many consecutive Top 10 singles did Ringo score in the 1970s? Seven
57%
What song did John & Paul write for him following his request to sing a new song? I Wanna Be Your Man
56%
Who did Ringo write Never Without You about? George Harrison
52%
What was Ringo's first solo hit single? It Don't Come Easy
49%
What was Ringo's highest chart album in the U.S.? Ringo
47%
What cartoon character did Ringo voice in the 1980's? Thomas the Tank Engine
44%
What John Lennon single did Ringo drum on in 1970? Mother
31%
What song does Ringo consider his best performance? Rain
31%
What song did Ringo and Paul record for Y Not in 2010? Walk With You
25%
What was the name of Ringo's 1992 comeback album? Time Takes Time
24%
What fellow musician inspired Back Off Boogaloo? Marc Bolan
23%
What was Ringo doing when he shouted, "Hold it", during the rooftop concert? Smoking
23%
What single from 1977 was rerecorded and released as a single again in 2012? Wings
22%
What documentary did Ringo direct in 1972? Born To Boogie
13%
Who did Ringo present a Grammy award with at the ceremony in 1973? Harry Nilsson
12%
No matching quizzes found
Score Distribution
Percent of People with Each Score
Percentile by Number Answered
Your Score History
You have not taken this quiz